| 000 | 00797nmc a2200301 a 4500 | ||
|---|---|---|---|
| 003 | AR-BaBNM | ||
| 005 | 20251128202700.0 | ||
| 008 | 245020s2004 ||||||||||||||000 | spa|| | ||
| 020 | _a950-07-2495-2 | ||
| 040 | _cAR-BaBNM | ||
| 100 | 1 | _aCabal, Graciela Beatriz | |
| 245 | 1 | 0 |
_aLa señora Planchita _by un cuento de hadas pero no tanto |
| 250 | _a2ª ed. | ||
| 260 |
_aBuenos Aires _bSudamericana _c2004 |
||
| 300 | 0 |
_a59 p. _bil. |
|
| 490 | 0 |
_aPan Flauta _vv. 52 |
|
| 650 | 4 | _aLITERATURA CONTEMPORANEA | |
| 650 | 4 | _aLITERATURA ARGENTINA | |
| 650 | 4 | _aLIBROS PARA NINOS | |
| 650 | 4 | _aCUENTOS DE HADAS | |
| 650 | 4 | _aHUMOR | |
| 653 | 0 | _aLITERATURA JUVENIL | |
| 655 | _aLITERATURA | ||
| 700 | 1 |
_aTorres, Elena _eilustrador |
|
| 800 | 0 | _aCanela | |
| 942 | _cBK | ||
| 998 | _cme-solo cat | ||
| 999 |
_c110 _d110 |
||